00745nam a2200181 a 4500003000200000005001700002008004100019050003000060100002100090245010900111260009000220300004000310504004100350650003400391650004600425650004500471650004700516020250213072129.0130905s19uu xx 00 eng d aPHS RS 431.A8b.M389 2012 aMaruyama, Amiko. aThe effect of gumamela (Hibiscus rosa-sinensis linn) extract on Staphylococcus aureus /cAmiko Maruyama. aLas Piñas City, Philippines :bSouthville International School and Colleges,c2012. a24 pages :billustrations ;c28 cm. aIncludes bibliographical references. aHerbal medicinevPhilippines. aPlant extractsvAntibacterial properties. aHibiscus rosa-sinensisvTherapeutic use. aStaphylococcus aureusvEffect of drugs on.